Statystyki dla wszystkie osiedla z tramwajem we Wrocławiu

Kliknij tutaj aby rozwiązać quiz!

Ogólne statystyki

  • Ten quiz został rozwiązany 117 razy
  • Średni wynik to 13 z 27

Statystyki odpowiedzi

dzielnicaosiedle% Poprawnych
KrzykiGaj
76%
FabrycznaLeśnica
75%
KrzykiTarnogaj
69%
ŚródmieścieNadodrze
61%
FabrycznaPopowice
61%
ŚródmieścieSępolno
61%
Psie PoleKarłowice
60%
ŚródmieścieBiskupin
57%
FabrycznaGrabiszyn
56%
FabrycznaKozanów
56%
ŚródmieścieOłbin
54%
KrzykiHuby
51%
Psie PoleKowale
47%
KrzykiKsięże Małe
47%
Psie PoleOsobowice
47%
FabrycznaPilczyce
47%
Psie PoleRóżanka
47%
Stare MiastoSzczepin
46%
KrzykiBorek
43%
KrzykiPrzedmieście Oławskie
42%
Stare MiastoRynek
38%
KrzykiPowstańców Śląskich
33%
FabrycznaGądów
28%
KrzykiPrzedmieście Świdnickie
28%
Psie PoleKleczków
26%
ŚródmieścieZalesie
18%
KrzykiGlinianki
6%

Rozkład punktacji

Percentyl według liczby udzielonych odpowiedzi

Procent ludzi z każdym wynikiem

Twoja historia wyników

Nie rozwiązałeś tego quizu